Markets (Record no. 83015)

MARC details
000 -LEADER
fixed length control field 01162cab a22002175a 4500
001 - CONTROL NUMBER
control field L152595
008 - FIXED-LENGTH DATA ELEMENTS--GENERAL INFORMATION
fixed length control field 110331e20110107xxk 000 0 eng d
035 ## - SYSTEM CONTROL NUMBER
System control number (Sirsi) u152595
041 0# - LANGUAGE CODE
Language code of text/sound track or separate title eng
100 1# - MAIN ENTRY--PERSONAL NAME
Personal name Eade, Christine
245 00 - TITLE STATEMENT
Title Markets
Remainder of title Islands of Britain
260 ## - PUBLICATION, DISTRIBUTION, ETC.
Date of publication, distribution, etc. 2011
490 #0 - SERIES STATEMENT
Series statement Property Week
Volume/sequential designation 77(1) 7 January 2011, 39-44(4)
520 ## - SUMMARY, ETC.
Summary, etc. Cenkos Channel Islands Fund loves the Channel Islands' three-yearly rent reviews and is investing in Guernsey as well as Jersey. St Helier's Waterfront Enterprise Board to be renamed States of Jersey Development Company in April 2011 seeks to revive the stalled Esplanade Square waterfront development whose first phase will come in at £110m. Dandara is banking with its 37 Esplanade speculative office development on 2012 Jersey space shortage. Closed in 1964 the RAF Jurby air base in the Isle of Man is now home to four Russian space capsules.
590 ## - LOCAL NOTE (RLIN)
Local note KA
651 4# - SUBJECT ADDED ENTRY--GEOGRAPHIC NAME
Geographic name Channel Islands
651 4# - SUBJECT ADDED ENTRY--GEOGRAPHIC NAME
Geographic name Isle of Man
690 ## - LOCAL SUBJECT ADDED ENTRY--TOPICAL TERM (OCLC, RLIN)
Topical term or geographic name as entry element PROPERTY-COMMERCIAL PROPERTY-COMMERCIAL PROPERTY MARKET
690 ## - LOCAL SUBJECT ADDED ENTRY--TOPICAL TERM (OCLC, RLIN)
Topical term or geographic name as entry element PROPERTY-COMMERCIAL PROPERTY-COMMERCIAL PROPERTY FINANCE AND INVESTMENT
942 ## - ADDED ENTRY ELEMENTS (KOHA)
Suppress in OPAC 0
Holdings
Withdrawn status Lost status Source of classification or shelving scheme Damaged status Not for loan Home library Current library Shelving location Date acquired Total Checkouts Full call number Barcode Date last seen Copy number Price effective from Koha item type
    Dewey Decimal Classification     London London Journal article 31/03/2011   L152595 152595-1001 06/08/2019 1 06/08/2019 Journal article